Old English Word! - Statistics

General Stats
  • This quiz has been taken 1,084 times
  • The average score is 11 of 15
Answer Stats
Question Answer % Correct
The chair is blæc. black
99%
My fæder is a police. father
97%
The event is god. good
96%
The Mountain is heah. high
96%
The hotel is near the sæ. sea
94%
This book is æt library. at
84%
Ēalā! Hello!
83%
She is a cwen. queen
81%
Hú meaht þú? How are you?
80%
Hwanan cymst þū? Where are you from?
76%
She has to don dinner. do
66%
Bēo gesund hraðe. Get good soon.
56%
Gea , Na Yes , No
56%
Hwa is he? who
40%
Ic nāt! I don’t know!
11%
No matching quizzes found
Score Distribution
Percent of People with Each Score
Percentile by Number Answered
Your Score History
You have not taken this quiz